Score 0/66 Timer 06:00
0 Plays Today
Clue 4-Letter Word % Correct
Magician's toolWAND
98.5%
Flower of romanceROSE
95.4%
⇦ Dismiss employee ⇦FIRE
94.5%
Prescribed medicine amountDOSE
94.4%
FinishedDONE
94.1%
⇦ Skeleton component ⇦BONE
94.1%
Better than betterBEST
93.9%
⇦ Relax after working ⇦REST
93.3%
⇦ Musical pulse ⇦BEAT
93.3%
63,360 inchesMILE
93%
How to address a kingSIRE
92.5%
⇦ Arm terminus ⇦HAND
92.4%
⇦ Beaver Cleaver's dad ⇦WARD
92%
Underground part of plantROOT
91.9%
Oxidizing metalRUST
91.7%
⇦ 3 linear feet ⇦YARD
91.3%
Deceptive actionRUSE
90.5%
Grain grinderMILL
89.9%
Apartment in UKFLAT
89.7%
Eurasian wild pig BOAR
89.6%
⇦ River movement ⇦FLOW
89.3%
Moving at low speedSLOW
89.2%
⇦ Rotate rapidly ⇦SPIN
89.2%
⇦ Occupy all space ⇦FILL
88.6%
ImperfectionFLAW
88.4%
⇦ Entryway ⇦DOOR
88.2%
Glide on wind currentsSOAR
87.6%
Spectacle, displaySHOW
87.5%
⇦ Eyelid extension ⇦LASH
87.5%
Playwright George BernardSHAW
87.2%
Metal raspFILE
87.1%
⇦ Word on red octagon ⇦STOP
87.1%
⇦ Place clothes into luggage ⇦PACK
87%
Clue 4-Letter Word % Correct
⇦ House division ⇦ROOM
86.8%
Put away gearSTOW
86.6%
MarketSHOP
86.6%
Mass e-mailingsSPAM
86.5%
Voluntary food abstentionFAST
86.2%
Candle coreWICK
86.1%
AccomplishmentFEAT
85.9%
⇦ To cleanse ⇦WASH
85.3%
Pointy mining toolPICK
85.2%
Small parasitic arachnidMITE
85.1%
Uncouth personBOOR
85.1%
Govt. TV following C-SPAN
85.1%
Powdery carbonSOOT
85%
Char surfaceSEAR
85%
⇦ County govt. center ⇦SEAT
84.7%
Endure over timeLAST
84.5%
Dreamy desireWISH
84.2%
Decorative pillow coverSHAM
83.4%
CelebrationFEST
83.2%
⇦ To cut with incisors ⇦BITE
82.8%
⇦ Flank ⇦SIDE
82.7%
1993 id Software sci-fi gameDOOM
82%
Laundry detergent brandWISK
81.3%
ExpectorateSPIT
80.9%
So. FL county (w/ Miami)DADE
80.9%
Stem of climbing plantBINE
80.3%
⇦ Calendar number ⇦DATE
80.3%
Particular locationSPOT
80.1%
French libertine, Marquis de ___SADE
78.9%
⇦ Uncovered ⇦BARE
76.7%
Easily manageable (of ships)YARE
71.4%
Lessen in intensityBATE
67.6%
⇦⇦ COMMON BOND ⇦⇦BACK
49%

Today's Daily Dose

You're not logged in!

Compare scores with friends on all Sporcle quizzes.
OR
Log In

Sporcle TV

Today on Sporcle TV


Watch our educational content, quiz creation guides, and fun videos on Sporcle TV.

Show Comments

Extras

Top Quizzes Today


Score Distribution

Your Account Isn't Verified!

In order to create a playlist on Sporcle, you need to verify the email address you used during registration. Go to your Sporcle Settings to finish the process.

Report this User

Report this user for behavior that violates our Community Guidelines.

Details: